5HLuxD.jpg

KING HENRY VIII SENIOR AND PRIMARY SCHOOL LIBRARY OPAC

Genius Squad / (Record no. 99)

000 -LEADER
fixed length control field 01615cam a22004453a 4500
001 - CONTROL NUMBER
control field 17678547
003 - CONTROL NUMBER IDENTIFIER
control field OSt
005 - DATE AND TIME OF LATEST TRANSACTION
control field 20190725153836.0
008 - FIXED-LENGTH DATA ELEMENTS--GENERAL INFORMATION
fixed length control field 130329r20092008mau d 000 1 eng d
010 ## - LIBRARY OF CONGRESS CONTROL NUMBER
LC control number 2013658010
020 ## - INTERNATIONAL STANDARD BOOK NUMBER
International Standard Book Number 9780152066505 (pbk.)
020 ## - INTERNATIONAL STANDARD BOOK NUMBER
International Standard Book Number 0152066500 (pbk.)
035 ## - SYSTEM CONTROL NUMBER
System control number (OCoLC)ocn259258457
040 ## - CATALOGING SOURCE
Original cataloging agency BTCTA
Transcribing agency BTCTA
Modifying agency IA4
042 ## - AUTHENTICATION CODE
Authentication code lccopycat
043 ## - GEOGRAPHIC AREA CODE
Geographic area code u-at---
050 00 - LIBRARY OF CONGRESS CALL NUMBER
Classification number CPB Box no. 3706 vol. 14
082 ## - DEWEY DECIMAL CLASSIFICATION NUMBER
Classification number FIC JIN
100 1# - MAIN ENTRY--PERSONAL NAME
Personal name Jinks, Catherine.
Relator term author
245 10 - TITLE STATEMENT
Title Genius Squad /
Statement of responsibility, etc. Catherine Jinks.
250 ## - EDITION STATEMENT
Edition statement 1st U.S. ed.
260 ## - PUBLICATION, DISTRIBUTION, ETC.
Place of publication, distribution, etc. Boston :
Name of publisher, distributor, etc. Graphia,
Date of publication, distribution, etc. [2009], c2008.
300 ## - PHYSICAL DESCRIPTION
Extent 513, [4] p. ;
Dimensions 18 cm.
490 ## - SERIES STATEMENT
Series statement Genius trilogy
Volume/sequential designation 2
500 ## - GENERAL NOTE
General note Originally published: Crows Nest, N.S.W. : Allen & Unwin, 2008.
500 ## - GENERAL NOTE
General note Includes reading group guide.
520 ## - SUMMARY, ETC.
Summary, etc. After the Axis Institute is blown up, Cadel Piggott is stuck in foster care with constant police surveillance to protect him from the evil Prosper English, until he gets an offer to join a mysterious group called Genius Squad.
650 #0 - SUBJECT ADDED ENTRY--TOPICAL TERM
Topical term or geographic name entry element Identity (Psychology)
Form subdivision Fiction.
650 #0 - SUBJECT ADDED ENTRY--TOPICAL TERM
Topical term or geographic name entry element Detective and mystery stories.
650 #0 - SUBJECT ADDED ENTRY--TOPICAL TERM
Topical term or geographic name entry element Good and evil
Form subdivision Fiction.
650 #0 - SUBJECT ADDED ENTRY--TOPICAL TERM
Topical term or geographic name entry element Genius
Form subdivision Fiction.
651 #0 - SUBJECT ADDED ENTRY--GEOGRAPHIC NAME
Geographic name Australia
Form subdivision Fiction.
655 #7 - INDEX TERM--GENRE/FORM
Genre/form data or focus term Young adult fiction.
Source of term lcsh
655 #7 - INDEX TERM--GENRE/FORM
Genre/form data or focus term Science fiction.
Source of term gsafd
700 ## - ADDED ENTRY--PERSONAL NAME
Personal name McKenzie, Heath
Relator term Cover artist
710 2# - ADDED ENTRY--CORPORATE NAME
Corporate name or jurisdiction name as entry element Copyright Paperback Collection (Library of Congress)
Institution to which field applies DLC
906 ## - LOCAL DATA ELEMENT F, LDF (RLIN)
a 7
b cbc
c copycat
d 2
e ncip
f 20
g y-gencatlg
942 ## - ADDED ENTRY ELEMENTS (KOHA)
Source of classification or shelving scheme
Koha item type Books - Fiction
Holdings
Withdrawn status Lost status Source of classification or shelving scheme Damaged status Not for loan Collection code Permanent Location Current Location Shelving location Date acquired Total Checkouts Total Renewals Full call number Barcode Date last seen Date last checked out Price effective from Koha item type
          Fiction KH8 Senior School Library KH8 Senior School Library Fiction 2019-07-25 2 1 FIC JIN 3KHSL000101053 2024-07-17 2020-09-25 2019-07-25 Books - Fiction

Powered By KH8 IT Dept